00391 2200157 4500245004600000250001100046100001900057700002200076650002000098005001900118260003600137041001400173084000800187300002900195336000900224 a40 Hari Untuk CintacZuji AmmaliliahText aCet. 1 aZuji Ammalilia aAntho M. Massardi aNovel Indonesia a20230124090617 aJakartabDepartemen Agamac2009 aIndonesia a813 aviii, 162 hlm. :c21 cm. atext